01227nam a22003254a 4500001001100000003000800011006001900019007001500038008004100053010001700094020001500111040002100126035002000147050002400167082001500191100002500206245007300231260007000304300001600374490003600390504006400426533015200490650001400642650002200656655002900678710001700707830003700724856012500761999001500886ebr5001928CaPaEBRm u cr cn|||||||||000418s2001 enk sb 001 0 eng  z 00031167  z0521791448 aCaPaEBRcCaPaEBR a(OCoLC)5121467214aBJ1474b.G73 2001eb04a241/.42211 aGrant, Colin,d1942-10aAltruism and Christian ethicsh[electronic resource] /cColin Grant. aCambridge, U.K. ;aNew York :bCambridge University Press,c2001. axix, 266 p.1 aNew studies in Christian ethics aIncludes bibliographical references (p. 251-262) and index. aElectronic reproduction.bPalo Alto, Calif. :cebrary,d2013.nAvailable via World Wide Web.nAccess may be limited to ebrary affiliated libraries. 0aAltruism. 0aChristian ethics. 7aElectronic books.2local2 aebrary, Inc. 0aNew studies in Christian ethics.40uhttp://site.ebrary.com/lib/rucke/Doc?id=5001928zAn electronic book accessible through the World Wide Web; click to view c1655d1655